[Event "BCF-chT2b 1617 (4NCL)"]
[Site "England"]
[Date "2017.02.12"]
[Round "6.52"]
[White "Mitchell, Martin"]
[Black "Thomas, Nicholas"]
[Result "1/2-1/2"]
[WhiteElo "2207"]
[BlackElo "2244"]
[PlyCount "82"]
[EventDate "2016.11.19"]
[EventType "team-tourn"]
[EventRounds "11"]
[EventCountry "ENG"]
[SourceTitle "EXT 2019"]
[Source "ChessBase"]
[SourceDate "2018.10.10"]
[SourceVersion "1"]
[SourceVersionDate "2018.10.10"]
[SourceQuality "1"]
[WhiteTeam "Spirit of Atticus"]
[BlackTeam "Warwicks Select"]
[WhiteTeamCountry "ENG"]
[BlackTeamCountry "ENG"]

1. d4 e6 2. c4 Nf6 3. Nc3 Bb4 4. e3 c5 5. Nge2 cxd4 6. exd4 d5 7. c5 Nc6 8. a3 Bxc3+ 9. Nxc3 Ne4 10. Bd3 Nxc3 11. bxc3 e5 12. Qh5 e4 13. Bc2 Be6 14. Rb1 Qa5 15. Bd2 Qa6 16. Qe2 Qxe2+ 17. Kxe2 0-0-0 18. Bf4 Bd7 19. Bb3 Bg4+ 20. f3 exf3+ 21. gxf3 Bf5 22. Rbg1 Na5 23. Ba2 Rhe8+ 24. Kd1 g6 25. Bg5 Rd7 26. Re1 Re6 27. Rxe6 fxe6 28. Re1 Rf7 29. Ke2 Kd7 30. Rc1 Nc4 31. Bxc4 dxc4 32. Rd1 Bd3+ 33. Ke3 Rf5 34. Bf4 Kc6 35. Rd2 b6 36. cxb6 axb6 37. Be5 Rf7 38. a4 Ra7 39. Ra2 Ra5 40. Bg7 Ra7 41. Bf8 Ra6 1/2-1/2

[Event "BCF-chT2b 1617 (4NCL)"]
[Site "England"]
[Date "2017.02.11"]
[Round "5.72"]
[White "Thomas, Nicholas"]
[Black "Kalaiyalahan, Akshaya"]
[Result "0-1"]
[WhiteElo "2244"]
[BlackElo "2252"]
[PlyCount "90"]
[EventDate "2016.11.19"]
[EventType "team-tourn"]
[EventRounds "11"]
[EventCountry "ENG"]
[SourceTitle "EXT 2019"]
[Source "ChessBase"]
[SourceDate "2018.10.10"]
[SourceVersion "1"]
[SourceVersionDate "2018.10.10"]
[SourceQuality "1"]
[WhiteTeam "Warwicks Select"]
[BlackTeam "Guildford III"]
[WhiteTeamCountry "ENG"]
[BlackTeamCountry "ENG"]

1. e4 c5 2. Nc3 Nc6 3. g3 g6 4. Bg2 Bg7 5. d3 d6 6. f4 e6 7. Nf3 Nge7 8. 0-0 0-0 9. Be3 b6 10. Qd2 Ba6 11. Rfd1 Rc8 12. Bf2 Qc7 13. a4 Rfd8 14. Nb5 Qd7 15. c4 Bb7 16. Bh3 a6 17. Nc3 Na5 18. Qc2 Qc7 19. Ng5 h6 20. Nxe6 fxe6 21. Bxe6+ Kh8 22. Bxc8 Bxc8 23. Nd5 Qb7 24. d4 Nec6 25. dxc5 bxc5 26. Rab1 Nb3 27. Rd3 Nbd4 28. Qd1 a5 29. Kg2 Qd7 30. g4 Qxg4+ 31. Qxg4 Bxg4 32. Nc3 Be6 33. Nd5 Rb8 34. Be1 Ne2 35. Kf3 Ned4+ 36. Kg2 Rf8 37. Bd2 Kh7 38. Rf1 Bg4 39. Rf2 Be2 40. Rc3 Bd1 41. Ra3 Bc2 42. Nc3 Bd3 43. b3 Nc2 44. Ra2 N2b4 45. Rb2 Bd4 0-1

[Event "BCF-chT2d 1516 (4NCL) Demotion pool"]
[Site "England"]
[Date "2016.05.02"]
[Round "11.16"]
[White "Thompson, Ian D"]
[Black "Thomas, Nicholas"]
[Result "1/2-1/2"]
[WhiteElo "2161"]
[BlackElo "2222"]
[PlyCount "30"]
[EventDate "2015.11.14"]
[EventType "team-tourn"]
[EventRounds "4"]
[EventCountry "ENG"]
[SourceTitle "EXT 2023"]
[Source "ChessBase"]
[SourceDate "2022.10.05"]
[SourceVersion "1"]
[SourceVersionDate "2022.10.05"]
[SourceQuality "1"]
[WhiteTeam "BCM Dragons"]
[BlackTeam "Warwicks Select"]
[WhiteTeamCountry "ENG"]
[BlackTeamCountry "ENG"]

1. c4 e5 2. g3 Nc6 3. Bg2 f5 4. Nc3 Nf6 5. e3 d5 6. Nxd5 Nxd5 7. cxd5 Nb4 8. d3 Nxd5 9. Nf3 Bd6 10. 0-0 Nf6 11. b4 Qe7 12. Bb2 0-0 13. a3 Bd7 14. Qc2 Kh8 15. Nd2 c6 1/2-1/2

[Event "BCF-chT1a 1415 (4NCL)"]
[Site "England"]
[Date "2015.01.11"]
[Round "4.133"]
[White "Thomas, Nicholas"]
[Black "Bates, Richard"]
[Result "1/2-1/2"]
[WhiteElo "2268"]
[BlackElo "2349"]
[PlyCount "53"]
[EventDate "2014.11.15"]
[EventType "team-swiss"]
[EventRounds "11"]
[EventCountry "ENG"]
[SourceTitle "EXT 2016"]
[Source "ChessBase"]
[SourceDate "2015.10.08"]
[SourceVersion "1"]
[SourceVersionDate "2015.10.08"]
[SourceQuality "1"]
[WhiteTeam "Warwicks Select"]
[BlackTeam "Blackthorne Russia"]
[WhiteTeamCountry "ENG"]
[BlackTeamCountry "ENG"]

1. e4 c5 2. Nc3 Nc6 3. g3 g6 4. Bg2 Bg7 5. d3 d6 6. Nge2 Nf6 7. 0-0 0-0 8. h3 e5 9. Bg5 h6 10. Be3 Nd4 11. f4 Re8 12. fxe5 dxe5 13. Qd2 Kh7 14. Rf2 Be6 15. Raf1 b5 16. g4 b4 17. Nd5 Nxd5 18. exd5 Bxd5 19. Bxd5 Qxd5 20. Rxf7 Kg8 21. Nxd4 cxd4 22. Bxh6 Qxf7 23. Rxf7 Kxf7 24. Bxg7 Kxg7 25. Qxb4 Rab8 26. Qa3 Rb7 27. b3 1/2-1/2

[Event "BCF-chT2a 1314 (4NCL)"]
[Site "England"]
[Date "2013.11.16"]
[Round "1.11"]
[White "Thomas, Nicholas"]
[Black "Lee, Richard WY"]
[Result "1-0"]
[WhiteElo "2295"]
[BlackElo "2129"]
[PlyCount "107"]
[EventDate "2013.11.16"]
[EventType "team-swiss"]
[EventRounds "11"]
[EventCountry "ENG"]
[SourceTitle "CBM 157 Extra"]
[Source "ChessBase"]
[SourceDate "2013.12.19"]
[SourceVersion "1"]
[SourceVersionDate "2013.12.19"]
[SourceQuality "1"]
[WhiteTeam "Warwicks Select"]
[BlackTeam "Cambridge II"]
[WhiteTeamCountry "ENG"]
[BlackTeamCountry "ENG"]

1. e4 e6 2. d4 d5 3. Nd2 c5 4. exd5 Qxd5 5. Ngf3 cxd4 6. Bc4 Qd6 7. Qe2 Nf6 8. Nb3 Nc6 9. Bg5 Be7 10. 0-0-0 0-0 11. Nbxd4 Nxd4 12. Rxd4 Qc7 13. Qe5 Qxe5 14. Nxe5 Bc5 15. Rf4 Bd6 16. Bxf6 gxf6 17. Rg4+ Kh8 18. Nd3 b6 19. Rd4 Rd8 20. Rd1 Bb7 21. Nc5 bxc5 22. Rxd6 Rxd6 23. Rxd6 Bxg2 24. Rd7 Kg8 25. Rc7 Rd8 26. Rxc5 Rd4 27. Rc8+ Kg7 28. Rc7 Kg6 29. Bd3+ f5 30. Rxa7 Rf4 31. a4 Rxf2 32. a5 e5 33. Bc4 e4 34. a6 e3 35. Re7 Bf1 36. b3 Bxc4 37. bxc4 Rd2 38. a7 Rd8 39. Rxe3 Kf6 40. Ra3 Ra8 41. Ra5 Ke6 42. Kd2 Kd6 43. Ke3 Kc6 44. c5 h5 45. h4 Kc7 46. Kf4 Kc6 47. Kxf5 Kb7 48. Kf6 Kc6 49. Kxf7 Kb7 50. c3 Kc6 51. Kg6 Kb7 52. c6+ Kxc6 53. Kxh5 Kb7 54. Kg6 1-0

[Event "4NCL-chT rapid"]
[Site "Daventry"]
[Date "2013.10.05"]
[Round "3.6"]
[White "Maroroa, Sue Yuchan"]
[Black "Thomas, Nicholas"]
[Result "1-0"]
[WhiteElo "2130"]
[BlackElo "2295"]
[PlyCount "104"]
[EventDate "2013.10.05"]
[EventType "team-swiss (rapid)"]
[EventRounds "7"]
[EventCountry "ENG"]
[SourceTitle "CBM 156 Extra"]
[Source "ChessBase"]
[SourceDate "2013.10.22"]
[SourceVersion "1"]
[SourceVersionDate "2013.10.22"]
[SourceQuality "1"]
[WhiteTeam "Oxford"]
[BlackTeam "Warwicks Select"]
[WhiteTeamCountry "ENG"]
[BlackTeamCountry "ENG"]

1. e4 e6 2. d4 d5 3. Nd2 Nc6 4. Ngf3 Nf6 5. e5 Nd7 6. Bd3 f6 7. exf6 Qxf6 8. c3 Bd6 9. Nf1 e5 10. Bg5 Qf7 11. dxe5 Ndxe5 12. Be2 0-0 13. Ne3 Be6 14. Bh4 h6 15. 0-0 Ng6 16. Bg3 Nf4 17. Bb5 Rad8 18. Re1 Ne7 19. Bf1 c6 20. b4 Rde8 21. Qa4 a6 22. Rad1 Neg6 23. c4 Nh3+ 24. gxh3 Bxg3 25. hxg3 Qxf3 26. Qc2 dxc4 27. Bxc4 Bxc4 28. Nxc4 Qf6 29. Rxe8 Rxe8 30. Nd6 Re7 31. Qc4+ Kh7 32. Qc2 Rd7 33. Ne4 Rxd1+ 34. Qxd1 Qe6 35. Qc2 Qxh3 36. Nc5 Qg4 37. a3 Qd4 38. Kh2 Qf6 39. Nxb7 Kh8 40. Nc5 Ne5 41. Qe4 Qxf2+ 42. Kh3 Qf1+ 43. Qg2 Qf5+ 44. g4 Qg5 45. Qg3 h5 46. gxh5 Qxh5+ 47. Qh4 Qxh4+ 48. Kxh4 Nc4 49. a4 Nb6 50. a5 Nd5 51. Nxa6 Kh7 52. Kg5 g6 1-0

[Event "4NCL-chT rapid"]
[Site "Daventry"]
[Date "2013.10.05"]
[Round "5.6"]
[White "Thomas, Nicholas"]
[Black "Mossong, Hubert"]
[Result "1-0"]
[WhiteElo "2295"]
[BlackElo "2126"]
[PlyCount "79"]
[EventDate "2013.10.05"]
[EventType "team-swiss (rapid)"]
[EventRounds "7"]
[EventCountry "ENG"]
[SourceTitle "CBM 156 Extra"]
[Source "ChessBase"]
[SourceDate "2013.10.22"]
[SourceVersion "1"]
[SourceVersionDate "2013.10.22"]
[SourceQuality "1"]
[WhiteTeam "Warwicks Select"]
[BlackTeam "Leeds University Old Boys"]
[WhiteTeamCountry "ENG"]
[BlackTeamCountry "ENG"]

1. e4 c5 2. Nc3 Nc6 3. g3 g6 4. Bg2 Bg7 5. d3 e6 6. Be3 b6 7. Qd2 Nge7 8. Bh6 0-0 9. h4 f6 10. Bxg7 Kxg7 11. h5 g5 12. h6+ Kh8 13. f4 gxf4 14. gxf4 Bb7 15. 0-0-0 Nd4 16. Nf3 Qc7 17. Nxd4 cxd4 18. Ne2 e5 19. fxe5 fxe5 20. Bh3 Qd6 21. Rdf1 Bc6 22. Ng3 Ng6 23. Nf5 Qc5 24. Qg5 Rac8 25. Rh2 Bb5 26. Kb1 a5 27. Rhf2 a4 28. Ne7 Rxf2 29. Nxg6+ hxg6 30. Rxf2 Qd6 31. Rf6 Qe7 32. Rxg6 Qxg5 33. Rxg5 Rg8 34. Rxg8+ Kxg8 35. Bf5 d6 36. Kc1 Bc6 37. c3 Kf7 38. Kd2 d5 39. Be6+ Kg6 40. exd5 1-0

[Event "Coventry e2e4 op"]
[Site "Coventry"]
[Date "2013.08.26"]
[Round "7"]
[White "Sowray, Peter John"]
[Black "Thomas, Nicholas"]
[Result "1/2-1/2"]
[WhiteElo "2335"]
[BlackElo "2299"]
[PlyCount "83"]
[EventDate "2013.08.23"]
[EventType "swiss"]
[EventRounds "7"]
[EventCountry "ENG"]
[SourceTitle "CBM 156 Extra"]
[Source "ChessBase"]
[SourceDate "2013.10.22"]
[SourceVersion "1"]
[SourceVersionDate "2013.10.22"]
[SourceQuality "1"]

1. d4 e6 2. c4 Nf6 3. Nc3 Bb4 4. e3 c5 5. Nge2 b6 6. a3 Ba5 7. Rb1 Na6 8. g3 Bb7 9. d5 Ne4 10. Qd3 Bxc3+ 11. Nxc3 Nxc3 12. Qxc3 0-0 13. Bg2 d6 14. 0-0 e5 15. f4 exf4 16. e4 f3 17. Qxf3 Nb8 18. Bf4 Qc7 19. g4 Nd7 20. Qg3 Ne5 21. Bxe5 dxe5 22. g5 Ba6 23. b3 b5 24. Rf6 Qb7 25. Rf3 Qe7 26. cxb5 Bxb5 27. Bf1 Rab8 28. Bxb5 Rxb5 29. Rbf1 g6 30. Rf6 Rb6 31. Qe3 h5 32. Qd2 Qd7 33. Rxb6 axb6 34. Qe2 Qh3 35. Qf3 Qh4 36. Qe3 f6 37. Rxf6 Rxf6 38. gxf6 Qxf6 39. a4 Kf7 40. Qf2 Qxf2+ 41. Kxf2 g5 42. Kg3 1/2-1/2

[Event "BCF-chT1d 1213 (4NCL) Demotion pool"]
[Site "England"]
[Date "2013.05.04"]
[Round "9.162"]
[White "Thomas, Nicholas"]
[Black "Sowray, Peter John"]
[Result "1/2-1/2"]
[WhiteElo "2283"]
[BlackElo "2362"]
[PlyCount "125"]
[EventDate "2012.11.03"]
[EventType "team-tourn"]
[EventRounds "4"]
[EventCountry "ENG"]
[SourceTitle "EXT 2014"]
[Source "ChessBase"]
[SourceDate "2013.11.20"]
[SourceVersion "1"]
[SourceVersionDate "2013.11.20"]
[SourceQuality "1"]
[WhiteTeam "Warwicks Select"]
[BlackTeam "e2e4.org.uk"]
[WhiteTeamCountry "ENG"]
[BlackTeamCountry "ENG"]

1. e4 c6 2. d4 d5 3. Nd2 dxe4 4. Nxe4 Bf5 5. Ng3 Bg6 6. h4 h6 7. Nf3 Nd7 8. h5 Bh7 9. Bd3 Bxd3 10. Qxd3 e6 11. Bd2 Ngf6 12. 0-0-0 Be7 13. Ne4 Nxe4 14. Qxe4 Nf6 15. Qe2 Qd5 16. c4 Qe4 17. Qxe4 Nxe4 18. Be3 f5 19. Nd2 Nxd2 20. Rxd2 Kf7 21. Bf4 Bg5 22. Bxg5 hxg5 23. Rd3 Rad8 24. Kc2 Kf6 25. Kc3 g4 26. f3 Kg5 27. fxg4 Kxg4 28. Re3 Rde8 29. Rhe1 Rxh5 30. Rxe6 Rxe6 31. Rxe6 f4 32. Re7 g5 33. d5 cxd5 34. cxd5 Kg3 35. Re5 Kxg2 36. d6 Rh7 37. Rxg5+ Kf2 38. Kd4 f3 39. Ke5 Ke2 40. Ke6 f2 41. Re5+ Kd2 42. Rf5 Rh6+ 43. Ke7 Rh7+ 44. Kd8 Ke2 45. d7 Rh4 46. Re5+ Kd2 47. Rd5+ Ke1 48. Kc7 Rc4+ 49. Kb8 f1Q 50. d8Q Qf4+ 51. Ka8 b5 52. Rd1+ Kf2 53. Rd2+ Ke1 54. Rd1+ Kf2 55. Qd2+ Qxd2 56. Rxd2+ Ke3 57. Rd5 Ra4 58. Rxb5 Rxa2 59. b4 Kd4 60. Ra5 Rb2 61. b5 Kc5 62. Rxa7 Rxb5 63. Rb7 1/2-1/2

[Event "BCF-chT1b 1213 (4NCL)"]
[Site "England"]
[Date "2012.11.04"]
[Round "2.172"]
[White "Thomas, Nicholas"]
[Black "Ledger, Andrew"]
[Result "1/2-1/2"]
[WhiteElo "2283"]
[BlackElo "2402"]
[PlyCount "122"]
[EventDate "2012.11.03"]
[EventType "team-tourn"]
[EventRounds "7"]
[EventCountry "ENG"]
[SourceTitle "EXT 2013"]
[Source "ChessBase"]
[SourceDate "2012.11.22"]
[SourceVersion "1"]
[SourceVersionDate "2012.11.22"]
[SourceQuality "1"]
[WhiteTeam "Warwicks Select"]
[BlackTeam "Blackthorne Russia"]
[WhiteTeamCountry "ENG"]
[BlackTeamCountry "ENG"]

1. e4 c6 2. d4 d5 3. Nd2 dxe4 4. Nxe4 Bf5 5. Ng3 Bg6 6. h4 h6 7. Nf3 Nd7 8. Bd3 Bxd3 9. Qxd3 e6 10. Bd2 Ngf6 11. c4 Be7 12. Ne4 Nxe4 13. Qxe4 Nf6 14. Qe2 0-0 15. g4 Nxg4 16. 0-0-0 h5 17. Bg5 Re8 18. Kb1 Qa5 19. Ne5 Rad8 20. Bd2 Qb6 21. Nxg4 hxg4 22. Bc3 Bf6 23. Qxg4 Qa6 24. h5 Qxc4 25. h6 g6 26. Qf4 Bh8 27. h7+ Kf8 28. a3 b6 29. Bb4+ c5 30. Qh6+ Ke7 31. dxc5 a5 32. Bd2 Qxc5 33. Bg5+ f6 34. Be3 Qf5+ 35. Ka1 b5 36. Qh2 e5 37. Qg2 e4 38. Qg3 Rc8 39. Qd6+ Kf7 40. Rd5 Qe6 41. Qxe6+ Rxe6 42. Rxb5 g5 43. Rxa5 Kg6 44. Ra7 f5 45. Rg1 Bf6 46. Rd7 Rb8 47. Bd4 Bxd4 48. Rxd4 Rh8 49. Rd7 g4 50. b4 Rxh7 51. Rxh7 Kxh7 52. b5 e3 53. fxe3 Rxe3 54. Kb2 g3 55. b6 f4 56. a4 Re6 57. a5 Re5 58. Ra1 g2 59. a6 Rb5+ 60. Kc2 Rxb6 61. a7 g1Q 1/2-1/2

[Event "BCF-chT2b 1112 (4NCL)"]
[Site "England"]
[Date "2012.01.15"]
[Round "4.2"]
[White "Zeidler, Sven P"]
[Black "Thomas, Nicholas"]
[Result "1/2-1/2"]
[WhiteElo "2274"]
[BlackElo "2268"]
[PlyCount "52"]
[EventDate "2011.11.12"]
[EventType "team-match"]
[EventRounds "7"]
[EventCountry "ENG"]
[SourceTitle "EXT 2013"]
[Source "ChessBase"]
[SourceDate "2012.11.22"]
[SourceVersion "1"]
[SourceVersionDate "2012.11.22"]
[SourceQuality "1"]
[WhiteTeam "South Wales Dragons"]
[BlackTeam "Warwicks Select"]
[WhiteTeamCountry "ENG"]
[BlackTeamCountry "ENG"]

1. e4 e6 2. d4 d5 3. exd5 exd5 4. Nf3 Bd6 5. c4 c6 6. Nc3 Ne7 7. Bd3 dxc4 8. Bxc4 0-0 9. 0-0 Nd7 10. Bg5 Nb6 11. Bb3 Kh8 12. Bxe7 Bxe7 13. Ne5 Kg8 14. Qh5 Be6 15. Bxe6 fxe6 16. Qg4 Rf5 17. Rfe1 Nd5 18. Nd3 Qd7 19. Qe2 Rf6 20. Ne4 Rh6 21. Nec5 Bxc5 22. Nxc5 Qf7 23. Nd3 Nf4 24. Nxf4 Qxf4 25. g3 Qf5 26. f4 Rd8 1/2-1/2

[Event "4NCL-ch rapid"]
[Site "Newport Pagnell"]
[Date "2010.10.10"]
[Round "2"]
[White "Hebden, Mark"]
[Black "Thomas, Nicholas"]
[Result "1-0"]
[WhiteElo "2556"]
[BlackElo "2286"]
[PlyCount "135"]
[EventDate "2010.10.10"]
[EventType "swiss (rapid)"]
[EventRounds "9"]
[EventCountry "ENG"]
[SourceTitle "CBM 138 Extra"]
[Source "ChessBase"]
[SourceDate "2010.10.29"]
[SourceVersion "1"]
[SourceVersionDate "2010.10.29"]
[SourceQuality "1"]

1. d4 e6 2. Nf3 Nf6 3. c3 c5 4. Bg5 h6 5. Bxf6 Qxf6 6. e4 Qd8 7. d5 d6 8. Bb5+ Bd7 9. Bxd7+ Qxd7 10. 0-0 Be7 11. a4 Na6 12. Na3 Nc7 13. Nc4 exd5 14. exd5 0-0 15. Qd3 b6 16. Rfe1 Bf6 17. Nfd2 Rfe8 18. Ne4 Be7 19. Re2 Qf5 20. Rd1 Bf8 21. b3 Rad8 22. g3 Kh8 23. Kg2 g6 24. Re3 Rd7 25. Ned2 Rxe3 26. Qxf5 gxf5 27. Nxe3 f4 28. gxf4 Bg7 29. Ne4 Ne8 30. Nf5 Kh7 31. Kf3 Kg6 32. Ne3 Nf6 33. Ng3 Kh7 34. Nef5 Ne8 35. c4 Bc3 36. Ne4 Bh8 37. Re1 Kg6 38. Nh4+ Kh5 39. Ng3+ Kxh4 40. Rxe8 Bd4 41. Rg8 Kh3 42. Nf1 Re7 43. Rg3+ Kh4 44. Ne3 Bxe3 45. fxe3 h5 46. Rg7 Kh3 47. Rh7 h4 48. f5 a6 49. e4 b5 50. axb5 axb5 51. Kf4 bxc4 52. bxc4 Rb7 53. Rh6 Rb4 54. Kg5 Kxh2 55. Kxh4 Rxc4 56. Kg4+ Kg2 57. Kf4 Rc3 58. Rxd6 Rf3+ 59. Ke5 c4 60. Kf6 Kg3 61. Rc6 c3 62. d6 Kf4 63. Rc4 Rd3 64. e5+ Ke3 65. Kxf7 Kd2 66. Ke7 c2 67. Rxc2+ Kxc2 68. d7 1-0

[Event "BCF-chT2c 0809 (4NCL) Promotion pool"]
[Site "Hinckley Island"]
[Date "2009.05.03"]
[Round "10.2"]
[White "Thomas, Nicholas"]
[Black "Cooley, Christopher Martin"]
[Result "0-1"]
[WhiteElo "2315"]
[BlackElo "2265"]
[PlyCount "80"]
[EventDate "2008.10.04"]
[EventType "team-tourn"]
[EventRounds "4"]
[EventCountry "ENG"]
[SourceTitle "EXT 2010"]
[Source "ChessBase"]
[SourceDate "2010.11.25"]
[SourceVersion "1"]
[SourceVersionDate "2010.11.25"]
[SourceQuality "1"]
[WhiteTeam "Warwicks Select"]
[BlackTeam "Jutes of Kent"]
[WhiteTeamCountry "ENG"]
[BlackTeamCountry "ENG"]

1. e4 c6 2. d4 d5 3. Nd2 dxe4 4. Nxe4 Nd7 5. Bc4 Ngf6 6. Ng5 Nd5 7. N1f3 h6 8. Ne4 N7f6 9. Nxf6+ gxf6 10. 0-0 Rg8 11. Re1 Bg4 12. Be2 Qc7 13. Nh4 Bxe2 14. Qxe2 0-0-0 15. Qf3 e6 16. c3 f5 17. g3 f4 18. c4 fxg3 19. cxd5 gxf2+ 20. Kxf2 Qxh2+ 21. Ng2 Rxd5 22. Re4 Rf5 23. Bf4 Rxf4 24. Rxf4 Rxg2+ 25. Qxg2 Qxf4+ 26. Ke2 Qxd4 27. Rd1 Qxb2+ 28. Rd2 Qb5+ 29. Rd3 Qe5+ 30. Kf3 Qh5+ 31. Qg4 Qxg4+ 32. Kxg4 c5 33. Kh5 c4 34. Rf3 f5 35. Kg6 Kd7 36. Kf7 Bd6 37. Kf6 f4 38. Rh3 b5 39. Rxh6 c3 40. Rh2 a5 0-1

[Event "BCF-chT2c 0809 (4NCL) Promotion pool"]
[Site "Hinckley Island"]
[Date "2009.03.22"]
[Round "8.1"]
[White "Savage, Ben D"]
[Black "Thomas, Nicholas"]
[Result "1-0"]
[WhiteElo "2307"]
[BlackElo "2315"]
[PlyCount "61"]
[EventDate "2008.10.04"]
[EventType "team-tourn"]
[EventRounds "4"]
[EventCountry "ENG"]
[SourceTitle "EXT 2010"]
[Source "ChessBase"]
[SourceDate "2010.11.25"]
[SourceVersion "1"]
[SourceVersionDate "2010.11.25"]
[SourceQuality "1"]
[WhiteTeam "Oxford"]
[BlackTeam "Warwicks Select"]
[WhiteTeamCountry "ENG"]
[BlackTeamCountry "ENG"]

1. d4 e6 2. c4 Nf6 3. Nc3 Bb4 4. e3 0-0 5. Nf3 c5 6. Bd3 Bxc3+ 7. bxc3 d6 8. 0-0 Nc6 9. Rb1 h6 10. Nd2 Ne8 11. f4 f5 12. d5 Na5 13. e4 exd5 14. cxd5 fxe4 15. Nxe4 Nf6 16. Ng3 Ng4 17. h3 Qh4 18. Rf3 Nf6 19. c4 b6 20. Bd2 g5 21. fxg5 hxg5 22. Be1 Qh6 23. Qc1 Bxh3 24. gxh3 Nh5 25. Nf5 Rxf5 26. Bxf5 Nf4 27. Rb2 Re8 28. Rxf4 gxf4 29. Rg2+ Kf8 30. Bc3 Re7 31. Be6 1-0

[Event "BCF-chT2b 0809 (4NCL)"]
[Site "Hinckley Island"]
[Date "2009.01.17"]
[Round "5.2"]
[White "Thomas, Nicholas"]
[Black "Simons, Martin J"]
[Result "1/2-1/2"]
[WhiteElo "2315"]
[BlackElo "2223"]
[PlyCount "90"]
[EventDate "2008.10.04"]
[EventType "team-tourn"]
[EventRounds "7"]
[EventCountry "ENG"]
[SourceTitle "EXT 2010"]
[Source "ChessBase"]
[SourceDate "2010.11.25"]
[SourceVersion "1"]
[SourceVersionDate "2010.11.25"]
[SourceQuality "1"]
[WhiteTeam "Warwicks Select"]
[BlackTeam "Wessex"]
[WhiteTeamCountry "ENG"]
[BlackTeamCountry "ENG"]

1. e4 Nc6 2. Nf3 d5 3. exd5 Qxd5 4. Nc3 Qa5 5. d4 Bg4 6. Bb5 e6 7. Bd2 Bb4 8. a3 Bxc3 9. Bxc6+ bxc6 10. Bxc3 Qd5 11. Qd3 Bxf3 12. gxf3 Ne7 13. Bb4 Nf5 14. 0-0-0 Nd6 15. Rhe1 a5 16. Bxd6 cxd6 17. c4 Qg5+ 18. Qe3 Qxe3+ 19. fxe3 Ke7 20. b3 Rhb8 21. Kc2 Rb7 22. Rb1 Rab8 23. Rb2 c5 24. Kc3 f5 25. f4 Kf6 26. Reb1 g5 27. fxg5+ Kxg5 28. b4 axb4+ 29. axb4 cxb4+ 30. Rxb4 Rxb4 31. Rxb4 Rxb4 32. Kxb4 e5 33. dxe5 dxe5 34. c5 Kf6 35. c6 Ke7 36. Kc5 Kd8 37. Kd5 f4 38. exf4 exf4 39. Ke4 Kc7 40. Kxf4 Kxc6 41. Kg5 Kd6 42. Kh6 Ke6 43. h4 Kf5 44. h5 Kg4 45. Kxh7 Kxh5 1/2-1/2

[Event "BCF-chT3 0708 (4NCL)"]
[Site "Sunningdale"]
[Date "2008.01.12"]
[Round "5.1"]
[White "Dilley, Jason M"]
[Black "Thomas, Nicholas"]
[Result "1/2-1/2"]
[WhiteElo "2195"]
[BlackElo "2304"]
[PlyCount "81"]
[EventDate "2007.09.15"]
[EventType "team-tourn"]
[EventRounds "11"]
[EventCountry "ENG"]
[SourceTitle "EXT 2023"]
[Source "ChessBase"]
[SourceDate "2022.10.05"]
[SourceVersion "1"]
[SourceVersionDate "2022.10.05"]
[SourceQuality "1"]
[WhiteTeam "Pandoras Box"]
[BlackTeam "Warwicks Select"]
[WhiteTeamCountry "ENG"]
[BlackTeamCountry "ENG"]

1. d4 e6 2. c4 Nf6 3. Nc3 Bb4 4. Qc2 0-0 5. Bg5 c5 6. e3 h6 7. Bxf6 Qxf6 8. Nf3 cxd4 9. Nxd4 Nc6 10. Rd1 b6 11. a3 Nxd4 12. Rxd4 Bxc3+ 13. Qxc3 Bb7 14. f3 d5 15. cxd5 Rac8 16. Qd2 Bxd5 17. Ba6 Rcd8 18. 0-0 Bb3 19. Rc1 Rxd4 20. Qxd4 Qxd4 21. exd4 Rd8 22. Rc3 Ba2 23. Rc8 Rxc8 24. Bxc8 Bd5 25. Ba6 g5 26. Kf2 f5 27. g3 f4 28. Bd3 Kf7 29. gxf4 gxf4 30. Be4 Bc4 31. Ke1 Kf6 32. Kd2 Kg5 33. Ke1 a5 34. b4 axb4 35. axb4 b5 36. Bc6 Kf6 37. Kd2 e5 38. Kc3 Ke6 39. dxe5 Kxe5 40. Be8 Be2 41. Bc6 1/2-1/2